| LEADER |
00940nam0a2200229 450 |
| 001 |
16844040 |
| 010 |
|
|
|a 978-2-5051-2479-5
|b rel.
|d 10,95
|
| 100 |
|
|
|a 20231108d2026 u u0frey01 ba
|
| 101 |
0 |
|
|a fre
|
| 102 |
|
|
|a BE
|
| 200 |
0 |
|
|a loup en [slip] et le mystère du P silencieux (Le)
|f scénario, Wilfrid Lupano
|g dessin et couleurs, Mayana Itoïz - avec la participation amicale et artistique de Paul Caaut
|
| 207 |
|
1 |
|a
|
| 210 |
|
|
|a [Bruxelles]
|c Dargaud Benelux
|d DL 2023
|
| 215 |
|
|
|a 1 vol. (non paginé [38] p.)
|c ill. en coul.
|d 30 cm
|
| 225 |
1 |
|
|a Le loup en [slip]
|v 8
|
| 300 |
|
|
|a Le mot 'slip' est remplacé par un dessin dans le titre
|
| 461 |
|
0 |
|t Le loup en [slip]
|v 8
|
| 700 |
|
0 |
|a Lupano
|b Wilfrid
|f 1971-....
|4 70
|
| 702 |
|
0 |
|a Itoïz
|b Mayana
|f 1978-....
|4 440
|
| 900 |
|
|
|a Bande Dessinée enfant ado
|
| 901 |
|
|
|a Accessible au prêt
|
| 995 |
|
|
|a Bibliothèque
|c Bibliothèque
|f 024024256
|h 024024256
|k BD LUP
|o p
|q j
|r az
|e Bibliothèque
|